000 00318nam a2200133Ia 4500
008 230917s9999||||xx |||||||||||||| ||und||
040 _e157696
_aMAIN
041 _aEnglish
082 _a970 H782H
245 0 _aHorizon. 7 (3); 1965
260 _aNew York
_bAmerican Heritage
_c1965
300 _a117 p.
942 _cBK
999 _c233143
_d233143